[Event "2. Bundesliga West 2015/16"]
[Site "-"]
[Date "2015.10.17"]
[Round "2"]
[Board "2"]
[White "Nestorovic, Nikola"]
[Black "Levushkina, Elena"]
[Result "1-0"]
[WhiteElo "2470"]
[BlackElo "2299"]
[PlyCount "39"]
[EventDate "2015.10.16"]
[EventType "team"]
[EventRounds "11"]
[EventCountry "AUT"]
[WhiteTeam "SIR Bernhard 2"]
[BlackTeam "Kufstein/Woergl"]

1. e4 e5 2. Nf3 Nf6 3. Nxe5 d6 4. Nf3 Nxe4 5. Nc3 Nxc3 6. dxc3 Be7 7. Bf4 Nc6
8. Qd2 Be6 9. O-O-O Qd7 10. Ng5 Bf5 11. Bc4 O-O 12. h4 Rae8 13. f3 Bf6 14. g4
Be6 15. Bd3 g6 16. h5 Ne5 17. Nxh7 Kxh7 18. hxg6+ Kg8 19. g7 Kxg7 20. Bxe5 1-0

[Event "2. Bundesliga West 2015/16"]
[Site "-"]
[Date "2015.10.17"]
[Round "2"]
[Board "3"]
[White "Koepke, Christian"]
[Black "Durakovic, Alman"]
[Result "0-1"]
[WhiteElo "2322"]
[BlackElo "2314"]
[PlyCount "88"]
[EventDate "2015.10.16"]
[EventType "team"]
[EventRounds "11"]
[EventCountry "AUT"]
[WhiteTeam "Kufstein/Woergl"]
[BlackTeam "SIR Bernhard 2"]

1. e4 c5 2. Nf3 Nc6 3. Nc3 g6 4. d4 cxd4 5. Nxd4 Bg7 6. Be3 Nf6 7. Bc4 O-O 8.
Bb3 d6 9. f3 Bd7 10. Qd2 Rc8 11. O-O-O Ne5 12. Kb1 Nc4 13. Bxc4 Rxc4 14. g4 b5
15. h4 b4 16. Nce2 Qc7 17. h5 Rc8 18. hxg6 fxg6 19. Nf4 e5 20. Nfe6 exd4 21.
Nxc7 dxe3 22. Qxe3 R8xc7 23. Rxd6 Ba4 24. Rd8+ Ne8 25. e5 Bxc2+ 26. Ka1 Ba4 27.
b3 Rc3 28. Qd4 Bc6 29. Rf1 Re7 30. f4 a5 31. Re1 Bf8 32. f5 Bg7 33. Qd6 Bf8 34.
f6 Nxd6 35. fxe7 Ne8 36. exf8=Q+ Kxf8 37. Rc8 h5 38. Rf1+ Ke7 39. gxh5 gxh5 40.
Rd1 h4 41. Rcd8 h3 42. R8d2 Rg3 43. Rc2 Bg2 44. Rc4 Bf3 0-1

[Event "2. Bundesliga West 2015/16"]
[Site "-"]
[Date "2015.10.17"]
[Round "2"]
[Board "4"]
[White "Pitl, Gregory"]
[Black "Maurer, Jochen"]
[Result "1/2-1/2"]
[WhiteElo "2387"]
[BlackElo "2254"]
[PlyCount "55"]
[EventDate "2015.10.16"]
[EventType "team"]
[EventRounds "11"]
[EventCountry "AUT"]
[WhiteTeam "SIR Bernhard 2"]
[BlackTeam "Kufstein/Woergl"]

1. e4 c5 2. Nf3 e6 3. d4 cxd4 4. Nxd4 Nc6 5. Nc3 Qc7 6. Be3 a6 7. Qf3 Ne5 8.
Qg3 h5 9. f4 Ng4 10. Bg1 g5 11. fxg5 Bd6 12. Qd3 Bf4 13. Nf3 Ne7 14. g3 Ne5 15.
Nxe5 Bxe5 16. O-O-O Nc6 17. Nd5 exd5 18. exd5 Nb4 19. Qe4 Nxa2+ 20. Kb1 Nc3+
21. bxc3 Qxc3 22. Bd4 Qb4+ 23. Kc1 d6 24. Bg2 Qa3+ 25. Kb1 Qb4+ 26. Kc1 Qa3+
27. Kb1 Qb4+ 28. Kc1 1/2-1/2

[Event "2. Bundesliga West 2015/16"]
[Site "-"]
[Date "2015.10.17"]
[Round "2"]
[Board "5"]
[White "Neuschmied, Siegfried"]
[Black "Velickovic, Zoran"]
[Result "0-1"]
[WhiteElo "2246"]
[BlackElo "2398"]
[PlyCount "104"]
[EventDate "2015.10.16"]
[EventType "team"]
[EventRounds "11"]
[EventCountry "AUT"]
[WhiteTeam "Kufstein/Woergl"]
[BlackTeam "SIR Bernhard 2"]

1. e4 c5 2. Nc3 g6 3. f4 Bg7 4. Nf3 Nc6 5. Bb5 Nd4 6. Nxd4 cxd4 7. Ne2 Qb6 8.
Ba4 Nf6 9. d3 O-O 10. O-O d6 11. h3 a5 12. Kh1 Nd7 13. c3 dxc3 14. Nxc3 Nc5 15.
Bd2 Ne6 16. Bb3 Nd4 17. Bc4 Bd7 18. Be3 Qxb2 19. Nd5 Nc2 20. Rb1 Nxe3 21. Nxe3
Qd4 22. Rxb7 Bc6 23. Nc2 Qf6 24. Rb6 Rac8 25. Qe2 e6 26. Ra6 Qc3 27. Ne3 Bd4
28. f5 Bxe4 29. Nd1 Bxd3 30. Bxd3 Qc7 31. fxe6 fxe6 32. Qxe6+ Kh8 33. Rxf8+
Rxf8 34. Qxd6 Qg7 35. Qd5 Ba7 36. Re6 Bb8 37. Qc5 Rd8 38. Bc2 h5 39. Qf2 Rf8
40. Qe2 Qc7 41. g4 Qg3 42. Bf5 Qxh3+ 43. Kg1 Qg3+ 44. Kf1 Ba7 45. Ne3 Qf4+ 46.
Ke1 gxf5 47. Nxf5 Qc1+ 48. Qd1 Bf2+ 49. Ke2 Qc4+ 50. Kxf2 Qxe6 51. Qh1 Qg6 52.
Qa1+ Kh7 0-1

[Event "2. Bundesliga West 2015/16"]
[Site "-"]
[Date "2015.10.17"]
[Round "2"]
[Board "6"]
[White "Wieneroiter, Gerald"]
[Black "Kranewitter, Norbert"]
[Result "1-0"]
[WhiteElo "2140"]
[BlackElo "2049"]
[PlyCount "67"]
[EventDate "2015.10.16"]
[EventType "team"]
[EventRounds "11"]
[EventCountry "AUT"]
[WhiteTeam "SIR Bernhard 2"]
[BlackTeam "Kufstein/Woergl"]

1. Nf3 c5 2. c4 Nf6 3. d4 cxd4 4. Nxd4 a6 5. Nc3 e5 6. Nc2 h6 7. e3 Be7 8. Be2
O-O 9. O-O d6 10. Nb4 Nbd7 11. b3 Re8 12. Bb2 Nc5 13. Nbd5 Bf8 14. b4 Nce4 15.
Bf3 Ng5 16. Be2 Be6 17. Nxf6+ Qxf6 18. Nd5 Qd8 19. f4 exf4 20. exf4 Nh7 21. Bf3
Rc8 22. Qd3 Bxd5 23. Bxd5 Nf6 24. Bxf6 Qxf6 25. Bxb7 Rb8 26. Bc6 Rec8 27. b5
Be7 28. a4 Bd8 29. a5 Qe7 30. Rfe1 Qa7+ 31. Kh1 Bf6 32. b6 Rxb6 33. axb6 Qxb6
34. Bd7 1-0

[Event "2. Bundesliga West 2015/16"]
[Site "-"]
[Date "2015.10.18"]
[Round "3"]
[Board "1"]
[White "Spornberger, Maximilian"]
[Black "Votava, Jan"]
[Result "0-1"]
[WhiteElo "2347"]
[BlackElo "2524"]
[PlyCount "72"]
[EventDate "2015.10.16"]
[EventType "team"]
[EventRounds "11"]
[EventCountry "AUT"]
[WhiteTeam "Rochade Rum"]
[BlackTeam "Zillertal"]

1. e4 e5 2. Nf3 Nc6 3. Bc4 Bc5 4. c3 Nf6 5. d3 d6 6. Bb3 O-O 7. Bg5 h6 8. Bh4
Qe7 9. Nbd2 Be6 10. Bc2 Bb6 11. h3 d5 12. exd5 Bxd5 13. Ne4 g5 14. Nfxg5 hxg5
15. Bxg5 Bxe4 16. dxe4 Qc5 17. Qf3 Nh7 18. Bh6 Qd6 19. Bxf8 Rxf8 20. Rd1 Qf6
21. Qe2 Kh8 22. O-O Ne7 23. Bb3 Ng6 24. g3 Rg8 25. Kh1 Ng5 26. f4 exf4 27. gxf4
Nxh3 28. Qh2 Kg7 29. Rd7 Rh8 30. Rxf7+ Qxf7 31. Bxf7 Nf2+ 32. Rxf2 Bxf2 33.
Qxh8+ Nxh8 34. Bc4 Be3 35. f5 Nf7 36. Kg2 Bc1 {ZeitÃ¼berschreitung!} 0-1

[Event "2. Bundesliga West 2015/16"]
[Site "-"]
[Date "2015.10.18"]
[Round "3"]
[Board "2"]
[White "Hausner, Ivan"]
[Black "Spornberger, Andre"]
[Result "1/2-1/2"]
[WhiteElo "2332"]
[BlackElo "2108"]
[PlyCount "80"]
[EventDate "2015.10.16"]
[EventType "team"]
[EventRounds "11"]
[EventCountry "AUT"]
[WhiteTeam "Zillertal"]
[BlackTeam "Rochade Rum"]

1. c4 e6 2. g3 f5 3. Bg2 Nf6 4. Nf3 d5 5. d4 c6 6. Qc2 Bd6 7. Bf4 Bxf4 8. gxf4
O-O 9. Nbd2 Ne4 10. e3 Nd7 11. O-O Qe7 12. Rac1 Kh8 13. Ne5 Nxe5 14. fxe5 Bd7
15. Nxe4 fxe4 16. Qe2 Be8 17. f4 exf3 18. Rxf3 Bg6 19. Rxf8+ Rxf8 20. Rf1 Kg8
21. Rxf8+ Qxf8 22. cxd5 cxd5 23. Qb5 Qe7 24. Qc5 Qxc5 25. dxc5 Bf5 26. b4 Kf7
27. Kf2 Ke7 28. e4 Bxe4 29. Bxe4 dxe4 30. Ke3 Kd7 31. b5 a6 32. a4 axb5 33.
axb5 g6 34. Kxe4 h6 35. Kd4 Kc7 36. Kc4 g5 37. Kd4 h5 38. Ke4 Kd7 39. Ke3 Kc7
40. Kd4 Kd7 1/2-1/2

[Event "2. Bundesliga West 2015/16"]
[Site "-"]
[Date "2015.10.18"]
[Round "3"]
[Board "3"]
[White "Hengl, Christian"]
[Black "Tabernig, Bernhard"]
[Result "0-1"]
[WhiteElo "2245"]
[BlackElo "2328"]
[PlyCount "101"]
[EventDate "2015.10.16"]
[EventType "team"]
[EventRounds "11"]
[EventCountry "AUT"]
[WhiteTeam "Rochade Rum"]
[BlackTeam "Zillertal"]

1. e4 e6 2. d4 d5 3. exd5 exd5 4. Bd3 Nc6 5. c3 Bd6 6. Nf3 Bg4 7. O-O Nge7 8.
Na3 Bxa3 9. bxa3 Qd6 10. Rb1 b6 11. h3 Bh5 12. Re1 f6 13. Bf5 O-O 14. Bd3 Rfe8
15. Re3 Na5 16. Qe2 Qd7 17. Bd2 Nf5 18. Rxe8+ Rxe8 19. Be3 Nh4 20. Kh2 Qd6+ 21.
Kh1 Nxf3 22. gxf3 Qe6 23. Kg2 Bg6 24. Re1 Bxd3 25. Qxd3 Nc4 26. Bd2 Qd7 27.
Rxe8+ Qxe8 28. Bf4 c6 29. a4 Qg6+ 30. Qxg6 hxg6 31. Bc1 Kf7 32. Kf1 Ke6 33. Ke2
Kf5 34. h4 Ke6 35. Kd3 Kd7 36. Kc2 Nd6 37. Bf4 Nf5 38. Bg3 c5 39. Kd3 cxd4 40.
cxd4 Kc6 41. Kc3 Kb7 42. Kd3 Ka6 43. Kc3 Ka5 44. Bb8 Nxh4 45. Bxa7 Nxf3 46. Bb8
Kxa4 47. Bd6 Ng5 48. Kd3 Ne4 49. Bf8 Nxf2+ 50. Ke2 Ne4 51. Bxg7 0-1

[Event "2. Bundesliga West 2015/16"]
[Site "-"]
[Date "2015.10.18"]
[Round "3"]
[Board "4"]
[White "Kleissl, Helmut"]
[Black "Hoellrigl, Wilfried"]
[Result "1/2-1/2"]
[WhiteElo "2295"]
[BlackElo "2153"]
[PlyCount "61"]
[EventDate "2015.10.16"]
[EventType "team"]
[EventRounds "11"]
[EventCountry "AUT"]
[WhiteTeam "Zillertal"]
[BlackTeam "Rochade Rum"]

1. c4 Nf6 2. g3 g6 3. Bg2 Bg7 4. Nc3 d6 5. e4 O-O 6. Nge2 c5 7. O-O Nc6 8. h3
Ne8 9. d3 Nc7 10. Rb1 Rb8 11. Be3 Ne6 12. a3 a5 13. Nb5 Ned4 14. Bxd4 Nxd4 15.
Nexd4 cxd4 16. b4 Bd7 17. bxa5 Qxa5 18. Qc1 Bc6 19. f4 Ra8 20. Rd1 f5 21. exf5
gxf5 22. Qd2 Qxd2 23. Rxd2 Bf6 24. Bd5+ Bxd5 25. cxd5 Rfc8 26. Rb4 Rc5 27. a4
Kf7 28. Re2 h5 29. Kf2 Rg8 30. Nxd4 Rxd5 31. Nf3 1/2-1/2

[Event "2. Bundesliga West 2015/16"]
[Site "-"]
[Date "2015.10.18"]
[Round "3"]
[Board "5"]
[White "Jedinger, Andreas"]
[Black "Kupfner, Franz"]
[Result "1-0"]
[WhiteElo "2105"]
[BlackElo "2200"]
[PlyCount "43"]
[EventDate "2015.10.16"]
[EventType "team"]
[EventRounds "11"]
[EventCountry "AUT"]
[WhiteTeam "Rochade Rum"]
[BlackTeam "Zillertal"]

1. e4 c5 2. Nf3 d6 3. d4 cxd4 4. Nxd4 Nf6 5. Nc3 Nc6 6. Bg5 Bd7 7. Qd2 Nxd4 8.
Qxd4 Qa5 9. f4 h6 10. Bxf6 gxf6 11. O-O-O Rg8 12. Kb1 e6 13. g3 Be7 14. Be2 Rc8
15. Rhf1 Qc5 16. Qd2 b5 17. e5 fxe5 18. Bh5 e4 19. f5 e3 20. Qe2 b4 21. Bxf7+
Kxf7 22. Qh5+ 1-0

[Event "2. Bundesliga West 2015/16"]
[Site "-"]
[Date "2015.10.18"]
[Round "3"]
[Board "6"]
[White "Schiestl, Josef"]
[Black "Moroder, Stefan"]
[Result "0-1"]
[WhiteElo "2128"]
[BlackElo "2159"]
[PlyCount "62"]
[EventDate "2015.10.16"]
[EventType "team"]
[EventRounds "11"]
[EventCountry "AUT"]
[WhiteTeam "Zillertal"]
[BlackTeam "Rochade Rum"]

1. e4 c5 2. Nf3 d6 3. d4 cxd4 4. Nxd4 Nf6 5. Nc3 a6 6. Be3 e5 7. Nb3 Be6 8. f4
Ng4 9. Bd2 exf4 10. Bxf4 Be7 11. Be2 Ne5 12. Nd4 O-O 13. Qd2 b5 14. Nd5 Bxd5
15. exd5 Bf6 16. O-O Nbd7 17. c3 Nb6 18. Rad1 Nxd5 19. Nf5 Nxf4 20. Qxf4 Qb6+
21. Kh1 Rad8 22. Rd5 Ng6 23. Qd2 Be5 24. h4 Qa7 25. Qg5 Bf6 26. Nh6+ Kh8 27.
Rxf6 gxh6 28. Qxh6 Rg8 29. h5 Ne5 30. Rfxd6 Qf2 31. Bf3 Qh4+ 0-1

[Event "2. Bundesliga West 2015/16"]
[Site "-"]
[Date "2015.10.18"]
[Round "3"]
[Board "1"]
[White "Doskocil, Klaus"]
[Black "Berchtenbreiter, Maximilian"]
[Result "0-1"]
[WhiteElo "2251"]
[BlackElo "2384"]
[PlyCount "140"]
[EventDate "2015.10.16"]
[EventType "team"]
[EventRounds "11"]
[EventCountry "AUT"]
[WhiteTeam "Pradl"]
[BlackTeam "SPG Voels/HAK/HAS Innsbruck"]

1. d4 Nf6 2. Nf3 e6 3. Bg5 c5 4. c3 d5 5. e3 Be7 6. Nbd2 b6 7. Bd3 Nbd7 8. O-O
Bb7 9. Qe2 h6 10. Bh4 g5 11. Bg3 Ne4 12. Ne5 Nxg3 13. fxg3 Nxe5 14. dxe5 Qc7
15. Bb5+ Kd8 16. Rxf7 a6 17. Bd3 Bc6 18. e4 c4 19. Rxe7 Kxe7 20. Bc2 b5 21. Nf3
dxe4 22. Bxe4 Rac8 23. Re1 Be8 24. g4 Qc5+ 25. Nd4 Rf8 26. Qe3 Qxe5 27. Bb7
Qxe3+ 28. Rxe3 Rb8 29. Rxe6+ Kd8 30. Bxa6 b4 31. Re1 Bd7 32. Bxc4 bxc3 33. bxc3
Rc8 34. Bb3 Bxg4 35. Be6 Re8 36. Bxc8 Rxe1+ 37. Kf2 Re4 38. Bxg4 Rxg4 39. g3
Re4 40. Kf3 Re8 41. Kg4 Ke7 42. Kh5 Kf6 43. h4 Re3 44. g4 gxh4 45. Kxh4 Rxc3
46. Nf5 Kg6 47. Ne7+ Kh7 48. Nf5 Rc5 49. Kh5 Ra5 50. a4 Rc5 51. Kh4 Re5 52. Kh5
Ra5 53. Kh4 Rxa4 54. Kh5 Ra5 55. Kh4 Rc5 56. Kh5 Re5 57. Kh4 Kg6 58. Nd4 Re4
59. Nf3 h5 60. Kg3 hxg4 61. Nd2 Rd4 62. Nf1 Kg5 63. Nh2 Rd1 64. Kg2 Kf4 65. Nf1
Rxf1 66. Kxf1 Kf3 67. Kg1 Kg3 68. Kh1 Kf2 69. Kh2 g3+ 70. Kh1 g2+ 0-1

[Event "2. Bundesliga West 2015/16"]
[Site "-"]
[Date "2015.10.18"]
[Round "3"]
[Board "2"]
[White "Nuber, Blasius"]
[Black "Sucher, Johannes"]
[Result "0-1"]
[WhiteElo "2349"]
[BlackElo "2169"]
[PlyCount "48"]
[EventDate "2015.10.16"]
[EventType "team"]
[EventRounds "11"]
[EventCountry "AUT"]
[WhiteTeam "SPG Voels/HAK/HAS Innsbruck"]
[BlackTeam "Pradl"]

1. e4 d5 2. exd5 Nf6 3. d4 Bg4 4. Be2 Bxe2 5. Nxe2 Qxd5 6. O-O Nc6 7. b3 O-O-O
8. Bb2 e6 9. Nd2 h5 10. c4 Qf5 11. Qb1 Qxb1 12. Raxb1 Bd6 13. Nf3 Ne4 14. Rfd1
Be7 15. Nf4 Bf6 16. Re1 Ng5 17. Nxg5 Bxg5 18. d5 Bxf4 19. dxc6 bxc6 20. Bxg7
Rhg8 21. Be5 Bd2 22. Re2 Rd3 23. Rd1 Rgd8 24. Bf6 Bg5 0-1

[Event "2. Bundesliga West 2015/16"]
[Site "-"]
[Date "2015.10.18"]
[Round "3"]
[Board "3"]
[White "Matt, Stefan"]
[Black "Wachinger, Guenther"]
[Result "1/2-1/2"]
[WhiteElo "2094"]
[BlackElo "2233"]
[PlyCount "62"]
[EventDate "2015.10.16"]
[EventType "team"]
[EventRounds "11"]
[EventCountry "AUT"]
[WhiteTeam "Pradl"]
[BlackTeam "SPG Voels/HAK/HAS Innsbruck"]

1. b3 e5 2. Bb2 d6 3. e3 Nf6 4. Nf3 g6 5. d4 e4 6. Nfd2 Bg7 7. c4 O-O 8. Nc3
Re8 9. h3 h5 10. Be2 c6 11. Qc2 Qe7 12. Rg1 a6 13. g4 hxg4 14. hxg4 g5 15. a4
a5 16. d5 Na6 17. Nf1 Nb4 18. Qd2 Nd7 19. Na2 Nxa2 20. Bxg7 Kxg7 21. Ng3 Nc5
22. Qxa2 Qe5 23. O-O-O Ra6 24. Qb2 Rb6 25. Qxe5+ Rxe5 26. dxc6 Rxc6 27. Kc2 Rb6
28. Rb1 Be6 29. Rgd1 Na6 30. Rd4 Nb4+ 31. Kb2 d5 1/2-1/2

[Event "2. Bundesliga West 2015/16"]
[Site "-"]
[Date "2015.10.18"]
[Round "3"]
[Board "4"]
[White "Meier, Alexander"]
[Black "Lins, Philipp"]
[Result "0-1"]
[WhiteElo "2186"]
[BlackElo "2044"]
[PlyCount "120"]
[EventDate "2015.10.16"]
[EventType "team"]
[EventRounds "11"]
[EventCountry "AUT"]
[WhiteTeam "SPG Voels/HAK/HAS Innsbruck"]
[BlackTeam "Pradl"]

1. e4 d6 2. d4 Nf6 3. Nc3 c6 4. f4 Qa5 5. Bd3 e5 6. dxe5 dxe5 7. fxe5 Ng4 8.
Nf3 Nxe5 9. Nxe5 Qxe5 10. Qf3 Bd6 11. g3 Nd7 12. Bf4 Qe7 13. Bxd6 Qxd6 14.
O-O-O Ne5 15. Qf4 O-O 16. Kb1 Qe7 17. h4 b5 18. Rde1 Be6 19. Nd5 Bxd5 20. exd5
Nxd3 21. cxd3 Qd7 22. dxc6 Qxc6 23. h5 Rfe8 24. Ref1 Qe6 25. h6 g6 26. Re1 Qc6
27. Qd4 f6 28. Rc1 Rad8 29. Qxa7 Qd7 30. Qf2 Qxd3+ 31. Ka1 Rd6 32. a3 Rde6 33.
Rhd1 Qb3 34. Qa7 R6e7 35. Qf2 Qf7 36. Rf1 f5 37. Qc5 Re5 38. Qb4 Qf8 39. Qxf8+
Kxf8 40. Rc7 R8e7 41. Rc6 Kf7 42. Ka2 g5 43. Rb6 g4 44. Kb3 R7e6 45. Rb7+ Kg6
46. Kb4 Re3 47. Rxb5 Rf3 48. Rg1 Kxh6 49. Rb8 Kg5 50. Kc5 h5 51. Kd5 Rh6 52. a4
f4 53. Rg8+ Rg6 54. gxf4+ Rxf4 55. Rxg6+ Kxg6 56. b3 h4 57. a5 h3 58. a6 h2 59.
Rh1 g3 60. a7 Rf8 0-1

[Event "2. Bundesliga West 2015/16"]
[Site "-"]
[Date "2015.10.18"]
[Round "3"]
[Board "5"]
[White "Praxmarer, Christian"]
[Black "Heinrich, Thomas"]
[Result "0-1"]
[WhiteElo "1992"]
[BlackElo "2144"]
[PlyCount "96"]
[EventDate "2015.10.16"]
[EventType "team"]
[EventRounds "11"]
[EventCountry "AUT"]
[WhiteTeam "Pradl"]
[BlackTeam "SPG Voels/HAK/HAS Innsbruck"]

1. f4 d5 2. Nf3 Nf6 3. g3 c5 4. Bg2 Nc6 5. c3 e6 6. O-O Bd6 7. d3 O-O 8. Nh4 d4
9. Na3 Nd5 10. Qe1 Be7 11. Nf3 Bf6 12. Bd2 a6 13. Rc1 Bd7 14. Nc2 Rc8 15. e4
dxe3 16. Nxe3 Nce7 17. Ng4 Ng6 18. Nxf6+ Nxf6 19. Ne5 Qc7 20. Qe2 Nd5 21. c4
Nde7 22. Bc3 Bc6 23. Nxc6 Nxc6 24. Qe4 Rcd8 25. Rcd1 Rd7 26. f5 exf5 27. Qxf5
Nd4 28. Qh5 Qe5 29. Qxe5 Nxe5 30. Bxd4 Rxd4 31. Bxb7 Rb8 32. Bd5 Kf8 33. b3 f6
34. Be4 h6 35. Rd2 Rbd8 36. Rfd1 Rxe4 37. dxe4 Rxd2 38. Rxd2 Nf3+ 39. Kf2 Nxd2
40. Ke3 Nf1+ 41. Kd3 Ke7 42. a3 a5 43. Kc3 Kd6 44. b4 cxb4+ 45. axb4 axb4+ 46.
Kxb4 Kc6 47. c5 Nxh2 48. Kc4 Nf1 0-1

[Event "2. Bundesliga West 2015/16"]
[Site "-"]
[Date "2015.10.18"]
[Round "3"]
[Board "6"]
[White "Georgiev, Georgi"]
[Black "Nussbaumer, Leon"]
[Result "1-0"]
[WhiteElo "2107"]
[BlackElo "1890"]
[PlyCount "115"]
[EventDate "2015.10.16"]
[EventType "team"]
[EventRounds "11"]
[EventCountry "AUT"]
[WhiteTeam "SPG Voels/HAK/HAS Innsbruck"]
[BlackTeam "Pradl"]

1. d4 d5 2. Nf3 Nf6 3. c4 e6 4. Nc3 c6 5. g3 Nbd7 6. Bg2 dxc4 7. O-O b5 8. a4
b4 9. Nb1 Bb7 10. Qc2 c5 11. Qxc4 cxd4 12. Qxd4 Bc5 13. Qh4 O-O 14. Nbd2 a5 15.
Nc4 Rc8 16. b3 Be7 17. Bb2 Nd5 18. Qh5 Bf6 19. Bxf6 N7xf6 20. Qe5 Ba6 21. Nfd2
Nc3 22. Rfe1 Nd7 23. Qxa5 Nxe2+ 24. Kh1 Qxa5 25. Nxa5 Nc5 26. Nc6 Rxc6 27. Bxc6
Nd4 28. Re5 Nd3 29. Ra5 Nxf2+ 30. Kg2 Be2 31. Kxf2 Nxc6 32. Rc5 Nd4 33. Ke3 Rd8
34. Rb1 Ba6 35. Nc4 Nc2+ 36. Kf2 f5 37. Rb2 Bxc4 38. Rxc2 Bxb3 39. Rc8 Bxc2 40.
Rxd8+ Kf7 41. a5 Ke7 42. Rb8 Bd3 43. Ke3 Bf1 44. Rb6 Kd7 45. a6 b3 46. a7 Bg2
47. Kd2 Bd5 48. Kc3 e5 49. Rb8 f4 50. gxf4 exf4 51. a8=Q Bxa8 52. Rxa8 Ke6 53.
Kxb3 g5 54. Kc3 Kf5 55. Kd3 h5 56. h3 g4 57. Ra5+ Kg6 58. h4 1-0

[Event "2. Bundesliga West 2015/16"]
[Site "-"]
[Date "2015.10.18"]
[Round "3"]
[Board "1"]
[White "Kessler, Luca"]
[Black "Graf, Felix"]
[Result "1/2-1/2"]
[WhiteElo "2324"]
[BlackElo "2478"]
[PlyCount "69"]
[EventDate "2015.10.16"]
[EventType "team"]
[EventRounds "11"]
[EventCountry "AUT"]
[WhiteTeam "Goetzis 2"]
[BlackTeam "Bregenz"]

1. e4 e6 2. d4 d5 3. Nd2 Nc6 4. Ngf3 Nf6 5. e5 Nd7 6. c4 Be7 7. Bd3 Nb4 8. Bb1
dxc4 9. Nxc4 b5 10. Ncd2 Bb7 11. a3 Nd5 12. Ne4 h6 13. O-O c5 14. dxc5 Nxc5 15.
Qe2 a6 16. Nxc5 Bxc5 17. Bd2 Qd7 18. Rd1 Rd8 19. Be4 Rc8 20. Rac1 Be7 21. Rxc8+
Qxc8 22. Nd4 Qb8 23. Bc2 Bc5 24. Nxb5 Bc6 25. Nd6+ Bxd6 26. exd6 Qb5 27. Qe5
Nf6 28. Qg3 Qxb2 29. d7+ Bxd7 30. Bb4 Qxc2 31. Qd6 Kd8 32. Ba5+ Kc8 33. Qxa6+
Kb8 34. Qb6+ Ka8 35. Qa6+ 1/2-1/2

[Event "2. Bundesliga West 2015/16"]
[Site "-"]
[Date "2015.10.18"]
[Round "3"]
[Board "2"]
[White "Jorczik, Julian"]
[Black "Bilchinski, Anton"]
[Result "1/2-1/2"]
[WhiteElo "2385"]
[BlackElo "2260"]
[PlyCount "76"]
[EventDate "2015.10.16"]
[EventType "team"]
[EventRounds "11"]
[EventCountry "AUT"]
[WhiteTeam "Bregenz"]
[BlackTeam "Goetzis 2"]

1. d4 Nf6 2. c4 e6 3. Nf3 b6 4. g3 Bb7 5. Bg2 g6 6. O-O Bg7 7. Bf4 O-O 8. Nc3
Ne4 9. Nxe4 Bxe4 10. Qd2 Re8 11. Bh6 d6 12. Rfd1 Nd7 13. b4 Qe7 14. c5 a5 15.
cxd6 cxd6 16. b5 d5 17. Bxg7 Kxg7 18. Qf4 Rac8 19. Rac1 Bc2 20. Re1 Ba4 21. e4
dxe4 22. Qxe4 Rxc1 23. Rxc1 Bxb5 24. Ne5 Qd6 25. Rb1 Nxe5 26. dxe5 Qd3 27. Qxd3
Bxd3 28. Rxb6 Rc8 29. Bc6 g5 30. f4 gxf4 31. gxf4 Bc4 32. a4 Rd8 33. Kf2 Rd2+
34. Kg3 Rd3+ 35. Kf2 Rd2+ 36. Kg3 Rd3+ 37. Kf2 Rd2+ 38. Kg3 Rd3+ 1/2-1/2

[Event "2. Bundesliga West 2015/16"]
[Site "-"]
[Date "2015.10.18"]
[Round "3"]
[Board "3"]
[White "Gauss, Gustav"]
[Black "Weindl, Alfred"]
[Result "0-1"]
[WhiteElo "2182"]
[BlackElo "2331"]
[PlyCount "38"]
[EventDate "2015.10.16"]
[EventType "team"]
[EventRounds "11"]
[EventCountry "AUT"]
[WhiteTeam "Goetzis 2"]
[BlackTeam "Bregenz"]

1. d4 Nf6 2. Bf4 g6 3. Nc3 d5 4. e3 Bg7 5. Nf3 O-O 6. Be2 c6 7. h4 Nbd7 8. Ne5
h5 9. f3 Nxe5 10. Bxe5 Bh6 11. g4 Nd7 12. Qd3 Nxe5 13. dxe5 Qb6 14. gxh5 Qxe3
15. hxg6 Qf4 16. gxf7+ Rxf7 17. Qg6+ Kf8 18. Qh5 Rg7 19. Nd1 Be6 0-1

[Event "2. Bundesliga West 2015/16"]
[Site "-"]
[Date "2015.10.18"]
[Round "3"]
[Board "4"]
[White "Dobosz, Henryk"]
[Black "Gretz, Denis"]
[Result "0-1"]
[WhiteElo "2389"]
[BlackElo "2073"]
[PlyCount "94"]
[EventDate "2015.10.16"]
[EventType "team"]
[EventRounds "11"]
[EventCountry "AUT"]
[WhiteTeam "Bregenz"]
[BlackTeam "Goetzis 2"]

1. Nf3 f5 2. d4 Nf6 3. g3 g6 4. b3 Bg7 5. Bb2 O-O 6. Bg2 d6 7. O-O Qe8 8. Nbd2
Nc6 9. Nc4 e6 10. e3 h6 11. Ne1 d5 12. Ne5 Nxe5 13. dxe5 Nd7 14. Nd3 b6 15. c4
c6 16. f4 Bb7 17. Rf2 Rf7 18. a4 Bf8 19. Bd4 Nc5 20. Nxc5 bxc5 21. Bc3 Rd7 22.
Rd2 g5 23. Kh1 Rg7 24. a5 Rd8 25. Bf3 g4 26. Bg2 Rdd7 27. Kg1 h5 28. Kf2 Ba6
29. Ra3 h4 30. Qc2 dxc4 31. Rxd7 Qxd7 32. Ra1 Qb7 33. Rb1 cxb3 34. Rxb3 Qd7 35.
Bb2 c4 36. Rb8 Qc7 37. Ra8 Qb7 38. Rd8 Rd7 39. Rxd7 Qxd7 40. Bd4 h3 41. Bf1 Qd5
42. Kg1 Qxa5 43. e4 Bc5 44. Bxc5 Qxc5+ 45. Kh1 Qd4 46. exf5 Qa1 47. Qe2 c3 0-1

[Event "2. Bundesliga West 2015/16"]
[Site "-"]
[Date "2015.10.18"]
[Round "3"]
[Board "5"]
[White "Scheffknecht, Philipp"]
[Black "Bezler, Rainer"]
[Result "1/2-1/2"]
[WhiteElo "2152"]
[BlackElo "2215"]
[PlyCount "45"]
[EventDate "2015.10.16"]
[EventType "team"]
[EventRounds "11"]
[EventCountry "AUT"]
[WhiteTeam "Goetzis 2"]
[BlackTeam "Bregenz"]

1. Nf3 Nf6 2. c4 e6 3. b3 b6 4. Bb2 Bb7 5. e3 Be7 6. Be2 O-O 7. O-O c5 8. d4 d6
9. Nc3 cxd4 10. exd4 d5 11. Rc1 Nc6 12. Na4 Ne4 13. c5 bxc5 14. Nxc5 Qc7 15. b4
Qb6 16. Nd7 Qxb4 17. Nxf8 Qxb2 18. Rb1 Qxa2 19. Ra1 Qb2 20. Rb1 Qa2 21. Ra1 Qb2
22. Rb1 Qa2 23. Ra1 1/2-1/2

[Event "2. Bundesliga West 2015/16"]
[Site "-"]
[Date "2015.10.18"]
[Round "3"]
[Board "6"]
[White "Poettinger, Harald"]
[Black "Kranz, Armin"]
[Result "1-0"]
[WhiteElo "2212"]
[BlackElo "2131"]
[PlyCount "93"]
[EventDate "2015.10.16"]
[EventType "team"]
[EventRounds "11"]
[EventCountry "AUT"]
[WhiteTeam "Bregenz"]
[BlackTeam "Goetzis 2"]

1. c4 Nf6 2. g3 c6 3. Bg2 d5 4. Nf3 e6 5. O-O Be7 6. d4 O-O 7. Nbd2 b6 8. Qc2
Bb7 9. Rd1 c5 10. dxc5 bxc5 11. e4 Nc6 12. exd5 Nb4 13. Qb3 exd5 14. a3 Qa5 15.
Rb1 Rac8 16. axb4 cxb4 17. c5 Bxc5 18. Nf1 Rfe8 19. Be3 Qb6 20. Bxc5 Qxc5 21.
Ne3 a5 22. Rd4 Re4 23. Rbd1 Rxd4 24. Nxd4 g6 25. Bf3 Rd8 26. Qd3 a4 27. Qb5
Qxb5 28. Nxb5 Rd7 29. Ra1 d4 30. Nxd4 Bxf3 31. Nxf3 Ra7 32. Nd2 Kf8 33. Kf1 Ke7
34. Ke2 Kd6 35. Kd3 Kc5 36. Ne4+ Nxe4 37. Kxe4 Re7+ 38. Kd3 Rd7+ 39. Kc2 Ra7
40. Rd1 h5 41. Rd5+ Kc6 42. h4 Rc7 43. Kd3 Ra7 44. Kc4 Rb7 45. Nc2 b3 46. Nd4+
Kc7 47. Ra5 1-0